[Event "48th Biel Grandmaster 2015"]
[Site "Biel SUI"]
[Date "2015.07.25"]
[Round "6"]
[White "Eljanov, Pavel"]
[Black "Vachier-Lagrave, Maxime"]
[Result "1/2-1/2"]
[WhiteElo "2723"]
[BlackElo "2731"]
[PlyCount "93"]
[EventDate "2015.07.20"]

1. c4 e5 2. Nc3 Nf6 3. Nf3 Nc6 4. g3 d5 5. cxd5 Nxd5 6. Bg2 Nb6 7. O-O Be7 8.
a3 O-O 9. d3 Re8 10. b4 Bf8 11. Bb2 a5 12. b5 Nd4 13. Nd2 c6 14. bxc6 Nxc6 15.
Rc1 a4 16. Nce4 Ra5 17. Nc4 Nxc4 18. dxc4 Bg4 19. Qxd8 Rxd8 20. e3 h6 21. Rfe1
Be6 22. Bf1 Bf5 23. Bg2 Ra6 24. c5 Ra5 25. Rc4 Rb5 26. Bc3 Rb3 27. Ra1 Be6 28.
Bf1 f5 29. Nd2 Rxc3 30. Rxc3 Rxd2 31. Rb1 f4 32. Bc4 Bxc4 33. Rxc4 fxe3 34.
fxe3 Ra2 35. Rc3 Na5 36. Rb4 Nb3 37. Rxa4 Nxc5 38. Ra8 b6 39. Rc1 Rd2 40. Rf1
Ne6 41. Re8 Rd6 42. Rf5 e4 43. h4 Rc6 44. g4 Kh7 45. Re5 Nc5 46. Rxf8 Nd7 47.
Rfe8 1/2-1/2

[Event "48th Biel Grandmaster 2015"]
[Site "Biel SUI"]
[Date "2015.07.25"]
[Round "6"]
[White "Rapport, Richard"]
[Black "Wojtaszek, Radoslaw"]
[Result "0-1"]
[WhiteElo "2671"]
[BlackElo "2733"]
[PlyCount "68"]
[EventDate "2015.07.20"]

1. d4 Nf6 2. c4 e6 3. Nf3 d5 4. Bg5 Bb4+ 5. Nbd2 dxc4 6. Qc2 b5 7. a4 c6 8.
Bxf6 gxf6 9. g3 Bb7 10. Bg2 Nd7 11. O-O a5 12. b3 cxb3 13. Nxb3 bxa4 14. Rxa4
Ba6 15. Ra2 Bb5 16. Rfa1 O-O 17. Nc1 Rc8 18. Nd3 Bxd3 19. Qxd3 c5 20. dxc5 Nxc5
21. Qe3 Kg7 22. h4 Qd6 23. Rc1 Nd7 24. Raa1 Rxc1+ 25. Rxc1 Bc5 26. Qc3 a4 27.
Qa1 a3 28. Rd1 Qc7 29. h5 h6 30. Rc1 Qb6 31. e3 Rb8 32. Bf1 Bxe3 33. Rc2 Bc5
34. Rd2 Qb1 0-1

[Event "Leiden Open 2015"]
[Site "Leiden NED"]
[Date "2015.07.25"]
[Round "8"]
[White "Chatalbashev, Boris"]
[Black "Howell, David W L"]
[Result "0-1"]
[WhiteElo "2516"]
[BlackElo "2698"]
[PlyCount "62"]
[EventDate "2015.07.17"]

1. d4 Nf6 2. c4 e6 3. Nc3 Bb4 4. Nf3 b6 5. e3 Ne4 6. Qc2 Bb7 7. Bd3 f5 8. O-O
Bxc3 9. bxc3 O-O 10. Nd2 Qh4 11. f3 Nxd2 12. Bxd2 d6 13. Rae1 Nd7 14. e4 f4 15.
Qa4 Qe7 16. g3 g5 17. h4 gxh4 18. gxf4 Kh8 19. Kf2 h3 20. Ke2 Rg8 21. Rh1 Rg3
22. Be3 Nf6 23. Bf2 Nh5 24. Bxg3 Nxg3+ 25. Ke3 Qh4 26. Qb5 e5 27. Qd7 Qxf4+ 28.
Kf2 Qd2+ 29. Be2 Nxe4+ 30. fxe4 Rf8+ 31. Kg3 Bc8 0-1

[Event "Politiken Cup 2015"]
[Site "Helsingor DEN"]
[Date "2015.07.25"]
[Round "1"]
[White "Fressinet, Laurent"]
[Black "Hjornevik, Knut J"]
[Result "1-0"]
[WhiteElo "2707"]
[BlackElo "1958"]
[PlyCount "87"]
[EventDate "2015.07.25"]

1. Nf3 Nf6 2. g3 g6 3. b3 Bg7 4. Bb2 O-O 5. Bg2 d6 6. d4 c6 7. Nbd2 Qc7 8. O-O
Nbd7 9. e4 e5 10. dxe5 dxe5 11. Re1 b5 12. c4 Re8 13. Qc2 a6 14. b4 Nb6 15.
Rac1 Bb7 16. c5 Nbd7 17. Nb3 h6 18. Rcd1 Re7 19. Rd6 Rae8 20. Na5 Ba8 21. Red1
Nxc5 22. Rxf6 Bxf6 23. Qxc5 Qa7 24. Bh3 Qxc5 25. bxc5 Rc7 26. Rd6 Kg7 27. Kf1
h5 28. Ke2 g5 29. Bd7 Rd8 30. Bf5 Re8 31. h3 Ree7 32. Ne1 Bb7 33. Nd3 Bc8 34.
Bxc8 Rxc8 35. Nxc6 Re6 36. Rxe6 fxe6 37. Ncxe5 a5 38. Kd2 Rc7 39. c6 Be7 40.
Bd4 a4 41. Nc5 Rc8 42. Kc3 Kf6 43. Ned7+ Kf7 44. Kb4 1-0

[Event "Chinese League (Division A) 2015"]
[Site "China CHN"]
[Date "2015.07.26"]
[Round "10"]
[White "Mu, Ke"]
[Black "Wei, Yi"]
[Result "0-1"]
[WhiteElo "2392"]
[BlackElo "2706"]
[PlyCount "62"]
[EventDate "2015.04.10"]
[WhiteTeam "Qingdao"]
[BlackTeam "Jiangsu"]

1. d4 Nf6 2. c4 e6 3. Nf3 b6 4. g3 Ba6 5. b3 d5 6. cxd5 exd5 7. Bg2 Bb4+ 8. Bd2
Bd6 9. Nc3 O-O 10. O-O Nbd7 11. Nh4 Re8 12. Re1 Bb7 13. Qc2 Ne4 14. Nxe4 dxe4
15. Nf5 Bf8 16. Bf4 Rc8 17. Red1 Nf6 18. Be5 Nd5 19. Qxe4 g6 20. Nh4 f6 21. Qd3
Kh8 22. Nxg6+ hxg6 23. Qxg6 fxe5 24. dxe5 Rxe5 25. Rd4 Bg7 26. Rad1 Qg5 27.
Rh4+ Qxh4 28. gxh4 Nf4 29. Qg4 Nxg2 30. h3 Rg8 31. Kh2 Bh6 0-1

[Event "Chinese League (Division A) 2015"]
[Site "China CHN"]
[Date "2015.07.26"]
[Round "10"]
[White "Lysyj, Igor"]
[Black "Wang, Yue"]
[Result "1/2-1/2"]
[WhiteElo "2691"]
[BlackElo "2726"]
[PlyCount "47"]
[EventDate "2015.04.10"]
[WhiteTeam "Hangzhou"]
[BlackTeam "Tianjing"]

1. d4 Nf6 2. c4 e6 3. Nf3 d5 4. Nc3 c5 5. cxd5 cxd4 6. Qxd4 exd5 7. e4 Nc6 8.
Bb5 dxe4 9. Qxd8+ Kxd8 10. Ng5 Be6 11. Nxe6+ fxe6 12. Bxc6 bxc6 13. Ke2 Bb4 14.
Na4 Kc7 15. Rd1 Rhd8 16. Bf4+ Kb7 17. Rac1 a5 18. Rxd8 Rxd8 19. Rc4 Rd5 20. Be3
Rb5 21. h3 Kc7 22. b3 Rd5 23. Bf4+ Kb7 24. Bg3 1/2-1/2

[Event "Chinese League (Division A) 2015"]
[Site "China CHN"]
[Date "2015.07.26"]
[Round "10"]
[White "Khotenashvili, Bela"]
[Black "Gu, Tianlu"]
[Result "0-1"]
[WhiteElo "2513"]
[BlackElo "2182"]
[PlyCount "21"]
[EventDate "2015.04.10"]
[WhiteTeam "Tianjing"]
[BlackTeam "Hangzhou"]

1. Nf3 f5 2. g3 b6 3. Bg2 Bb7 4. d4 Nf6 5. c4 e6 6. O-O Be7 7. d5 Ne4 8. Nd4
O-O 9. dxe6 c5 10. Nxf5 Rxf5 11. Qc2 0-1

[Event "Chinese League (Division A) 2015"]
[Site "China CHN"]
[Date "2015.07.26"]
[Round "10"]
[White "Ni, Hua"]
[Black "Zhang, Pengxiang"]
[Result "1/2-1/2"]
[WhiteElo "2704"]
[BlackElo "2570"]
[PlyCount "97"]
[EventDate "2015.04.10"]
[WhiteTeam "Shanghai"]
[BlackTeam "Heibei"]

1. e4 c5 2. Nf3 e6 3. d4 cxd4 4. Nxd4 a6 5. c4 Nf6 6. Nc3 d6 7. Be2 Be7 8. O-O
O-O 9. Be3 b6 10. f3 Bb7 11. Kh1 Nbd7 12. a4 Re8 13. a5 bxa5 14. Nb3 Rb8 15.
Nxa5 Ba8 16. Qd2 Bf8 17. Ba7 Rc8 18. Bd4 Qc7 19. Rfc1 Rb8 20. b4 d5 21. cxd5
Bxb4 22. dxe6 Rxe6 23. Qa2 Qf4 24. Bc4 Re7 25. Nd5 Bxd5 26. Bxd5 Bd6 27. Bg1
Nxd5 28. Qxd5 Nf6 29. Qd3 Rd7 30. Qxa6 h5 31. Rc8+ Kh7 32. Nc4 Bc7 33. Rxb8
Bxb8 34. Qb5 Rd8 35. e5 Nd5 36. Re1 Qf5 37. Qb3 Nf4 38. Re4 Ne6 39. Be3 Bc7 40.
Kg1 Rb8 41. Qc2 Rb5 42. Nd6 Bxd6 43. exd6 Rd5 44. Qc6 Rd1+ 45. Kf2 Qd5 46. Qc2
Qd3 47. Qxd3 Rxd3 48. Rh4 Kg6 49. Rc4 1/2-1/2

[Event "Chinese League (Division A) 2015"]
[Site "China CHN"]
[Date "2015.07.26"]
[Round "10"]
[White "Zhai, Mo"]
[Black "Ju, Wenjun"]
[Result "1/2-1/2"]
[WhiteElo "2324"]
[BlackElo "2557"]
[PlyCount "94"]
[EventDate "2015.04.10"]
[WhiteTeam "Heibei"]
[BlackTeam "Shanghai"]

1. d4 f5 2. g3 Nf6 3. Bg2 g6 4. Nf3 Bg7 5. O-O O-O 6. c4 d6 7. Nc3 Qe8 8. Nd5
Nxd5 9. cxd5 Nd7 10. Qc2 Nb6 11. Qxc7 Nxd5 12. Qc4 Qc6 13. Qb3 e6 14. Bd2 Bd7
15. Rfc1 Qb6 16. Qxb6 axb6 17. e3 Rfc8 18. a3 Bf6 19. Ne1 Bc6 20. Rc2 Bd7 21.
Rcc1 Bc6 22. Rc2 Bd7 23. Rcc1 Bc6 24. Rc2 Ne7 25. Rac1 Bxg2 26. Kxg2 Rxc2 27.
Rxc2 Rc8 28. Bb4 Rxc2 29. Nxc2 Nc8 30. f3 e5 31. dxe5 Bxe5 32. b3 Kf7 33. f4
Bf6 34. Kf3 Ke6 35. e4 Ne7 36. Ke3 Nc6 37. Kd3 fxe4+ 38. Kxe4 d5+ 39. Kd3 g5
40. fxg5 Bxg5 41. Bc3 b5 42. h3 Be7 43. Bd2 Ne5+ 44. Ke2 Nc6 45. Kd3 Ne5+ 46.
Ke2 Nc6 47. Kd3 Ke5 1/2-1/2

[Event "Chinese League (Division A) 2015"]
[Site "China CHN"]
[Date "2015.07.26"]
[Round "10"]
[White "Yu, Yangyi"]
[Black "Wang, Chen"]
[Result "1-0"]
[WhiteElo "2724"]
[BlackElo "2500"]
[PlyCount "123"]
[EventDate "2015.04.10"]
[WhiteTeam "Beijing"]
[BlackTeam "Chongqing"]

1. e4 Nf6 2. e5 Nd5 3. d4 d6 4. Nf3 dxe5 5. Nxe5 c6 6. Be2 Bf5 7. O-O Nd7 8.
Bg4 Bxg4 9. Qxg4 Qc8 10. Nd3 N7f6 11. Qe2 Qg4 12. Qxg4 Nxg4 13. c4 Nc7 14. h3
Nf6 15. Nc3 Rd8 16. Be3 g6 17. Rfd1 Bg7 18. b4 O-O 19. Rac1 Nfe8 20. Bg5 f6 21.
Be3 Nd6 22. Bf4 f5 23. Ne2 Rc8 24. a4 Rfd8 25. Be5 Rf8 26. Bf4 Rfd8 27. Be5
Bxe5 28. dxe5 Nde8 29. f4 Ne6 30. Kf2 N8c7 31. Ke3 Kf7 32. g4 b6 33. Nb2 Na6
34. Rxd8 Rxd8 35. Nd3 Nac7 36. Ra1 Ra8 37. Ng3 Ng7 38. a5 b5 39. Rc1 Rb8 40.
Kd2 bxc4 41. Rxc4 Nd5 42. gxf5 gxf5 43. Nf1 Ne6 44. Ne3 Nxe3 45. Kxe3 Nc7 46.
h4 Nd5+ 47. Kd4 h5 48. Kc5 Ke6 49. Rc1 Kd7 50. Rg1 Nc7 51. Kc4 Ne6 52. Nc5+
Nxc5 53. Kxc5 Rb5+ 54. Kc4 a6 55. Rd1+ Kc7 56. e6 c5 57. Rd5 Rxb4+ 58. Kxc5
Rxf4 59. Rd7+ Kc8 60. Rxe7 Rxh4 61. Rh7 Rh1 62. Rh8+ 1-0

[Event "Chinese League (Division A) 2015"]
[Site "China CHN"]
[Date "2015.07.26"]
[Round "10"]
[White "Xiu, Deshun"]
[Black "Bu, Xiangzhi"]
[Result "0-1"]
[WhiteElo "2557"]
[BlackElo "2681"]
[PlyCount "94"]
[EventDate "2015.04.10"]
[WhiteTeam "Beijing"]
[BlackTeam "Chongqing"]

1. d4 Nf6 2. c4 e6 3. Nc3 Bb4 4. Nf3 b6 5. e3 Bb7 6. Bd3 O-O 7. O-O d5 8. cxd5
exd5 9. Qc2 c5 10. a3 Bxc3 11. bxc3 c4 12. Be2 Nc6 13. a4 Re8 14. Nd2 Qd7 15.
Ba3 Re6 16. e4 dxe4 17. Nxc4 Ba6 18. Rad1 Nd5 19. Bc1 Qc7 20. Rfe1 Nce7 21. Ne3
Bxe2 22. Rxe2 Qxc3 23. Bb2 Qxc2 24. Rxc2 f5 25. g3 Nxe3 26. fxe3 Nd5 27. Re1 a5
28. Bc1 Ree8 29. Bd2 Rac8 30. Rec1 Rxc2 31. Rxc2 Kf7 32. Kf2 Ke7 33. h3 Kd7 34.
Ra2 Re6 35. Kg2 g5 36. Rb2 Rc6 37. Kf2 Ke6 38. Ke2 Rc4 39. Ra2 Rc3 40. Rb2 Ra3
41. Rc2 Kd7 42. Rc4 h6 43. h4 gxh4 44. gxh4 Ra1 45. Kf2 Ra2 46. Ke1 f4 47. exf4
e3 0-1

[Event "Chinese League (Division A) 2015"]
[Site "China CHN"]
[Date "2015.07.26"]
[Round "10"]
[White "Tan, Zhongyi"]
[Black "Harika, Dronavalli"]
[Result "1/2-1/2"]
[WhiteElo "2487"]
[BlackElo "2508"]
[PlyCount "60"]
[EventDate "2015.04.10"]
[WhiteTeam "Chongqing"]
[BlackTeam "Beijing"]

1. Nf3 d5 2. d4 Nf6 3. c4 c6 4. Nc3 e6 5. Bg5 dxc4 6. e4 b5 7. e5 h6 8. Bh4 g5
9. Nxg5 hxg5 10. Bxg5 Nbd7 11. g3 Bb7 12. exf6 Qb6 13. Bg2 O-O-O 14. O-O c5 15.
d5 b4 16. Rb1 Qa6 17. dxe6 Bxg2 18. e7 Bxf1 19. Kxf1 Bxe7 20. fxe7 Rdg8 21. Ne4
Rxg5 22. Nxg5 Re8 23. Qe2 Qg6 24. Ne4 Rxe7 25. Re1 Kd8 26. Qxc4 Qg4 27. Re2 Qf3
28. Re3 Qh1+ 29. Ke2 Qb1 30. Qd5 Re5 1/2-1/2

[Event "Chinese League (Division A) 2015"]
[Site "China CHN"]
[Date "2015.07.26"]
[Round "10"]
[White "Huang, Qian"]
[Black "Zhao, Xue"]
[Result "1/2-1/2"]
[WhiteElo "2473"]
[BlackElo "2527"]
[PlyCount "77"]
[EventDate "2015.04.10"]
[WhiteTeam "Chongqing"]
[BlackTeam "Beijing"]

1. c4 Nf6 2. Nc3 e5 3. g3 Bb4 4. Bg2 O-O 5. Qb3 Nc6 6. Bxc6 Bxc3 7. Bg2 Ba5 8.
Nf3 Re8 9. O-O e4 10. Nd4 c5 11. Nb5 d5 12. cxd5 Nxd5 13. Nc3 Nf6 14. d3 exd3
15. exd3 Bf5 16. Ne4 Nxe4 17. dxe4 Be6 18. Qa4 Bd7 19. Qc2 Qe7 20. Be3 b6 21.
Bf4 Bc6 22. f3 Rad8 23. Rad1 b5 24. Rxd8 Rxd8 25. Rd1 c4 26. Be3 Rxd1+ 27. Qxd1
f5 28. Bf2 fxe4 29. fxe4 Bc7 30. Bf3 Kf7 31. e5 Qd7 32. Qe2 Bd5 33. Bxd5+ Qxd5
34. Qh5+ Ke7 35. Qg5+ Kf7 36. Qf5+ Ke7 37. Qg5+ Kf7 38. Qf5+ Ke7 39. Qg5+
1/2-1/2

[Event "Leiden Open 2015"]
[Site "Leiden NED"]
[Date "2015.07.26"]
[Round "9"]
[White "Howell, David W L"]
[Black "Petrov, Marian"]
[Result "1-0"]
[WhiteElo "2698"]
[BlackElo "2487"]
[PlyCount "71"]
[EventDate "2015.07.17"]

1. e4 c5 2. Nf3 Nc6 3. c3 e6 4. d4 d5 5. exd5 exd5 6. Bb5 Bd6 7. dxc5 Bxc5 8.
O-O Nge7 9. Nbd2 O-O 10. Nb3 Bb6 11. Re1 Bg4 12. Be3 Re8 13. Bd3 Ng6 14. Bxg6
hxg6 15. Bxb6 Rxe1+ 16. Qxe1 Qxb6 17. Nfd4 a5 18. h3 Bd7 19. Nxc6 bxc6 20. Qe7
a4 21. Qa3 Re8 22. Qxa4 Re2 23. Qd4 Qb8 24. c4 Re4 25. Qd2 Rxc4 26. Rc1 Rb4 27.
Nc5 Bf5 28. b3 Rh4 29. Qe3 Qb4 30. a4 Kh7 31. Kh2 d4 32. Qg3 d3 33. Nxd3 Bxd3
34. Qxd3 c5 35. Rc4 Qb8+ 36. Qg3 1-0

[Event "Politiken Cup 2015"]
[Site "Helsingor DEN"]
[Date "2015.07.26"]
[Round "2"]
[White "Klings, Peter"]
[Black "Fressinet, Laurent"]
[Result "0-1"]
[WhiteElo "2154"]
[BlackElo "2707"]
[PlyCount "74"]
[EventDate "2015.07.25"]

1. Nf3 Nf6 2. c4 g6 3. Nc3 Bg7 4. d4 O-O 5. Bg5 c5 6. d5 b5 7. cxb5 a6 8. b6
Qxb6 9. Qd2 d6 10. e4 h6 11. Be3 Nbd7 12. h3 Rb8 13. Rb1 Kh7 14. Be2 a5 15. O-O
Ba6 16. Rfc1 Ne8 17. Qe1 Nc7 18. b3 Bxe2 19. Qxe2 Qa6 20. Qc2 Rb7 21. Bd2 Rfb8
22. a4 c4 23. bxc4 Qxc4 24. Rxb7 Rxb7 25. Qd1 Nc5 26. Qf1 Qxf1+ 27. Kxf1 N7a6
28. Nb5 Nxa4 29. Nfd4 N4c5 30. f3 a4 31. Bc3 Nb3 32. Rd1 Nac5 33. Ke2 Nxd4+ 34.
Nxd4 a3 35. Ke3 a2 36. Ba1 Rb1 37. Ke2 Bxd4 0-1

[Event "Politiken Cup 2015"]
[Site "Helsingor DEN"]
[Date "2015.07.26"]
[Round "3"]
[White "Fressinet, Laurent"]
[Black "Bijlsma, Nick"]
[Result "1-0"]
[WhiteElo "2707"]
[BlackElo "2298"]
[PlyCount "51"]
[EventDate "2015.07.25"]

1. Nf3 Nf6 2. g3 g6 3. Bg2 Bg7 4. c4 d5 5. O-O O-O 6. cxd5 Nxd5 7. d4 Nb6 8.
Nc3 Nc6 9. d5 Na5 10. e4 c6 11. Bf4 cxd5 12. Nxd5 Nxd5 13. exd5 Nc4 14. b3 Nb6
15. d6 exd6 16. Rc1 Bg4 17. Qd2 d5 18. a4 Rc8 19. a5 Rxc1 20. Rxc1 Nc8 21. Bc7
Qe7 22. Qxd5 Bh6 23. Rc3 Qa3 24. Qd1 Bg7 25. Qc1 Qb4 26. Rc4 1-0

[Event "Politiken Cup 2015"]
[Site "Helsingor DEN"]
[Date "2015.07.27"]
[Round "4"]
[White "Schroeder, Jan-Christian"]
[Black "Fressinet, Laurent"]
[Result "1-0"]
[WhiteElo "2461"]
[BlackElo "2707"]
[PlyCount "83"]
[EventDate "2015.07.25"]

1. e4 e5 2. Nf3 Nc6 3. Bb5 a6 4. Ba4 Nf6 5. O-O Be7 6. d3 d6 7. c3 O-O 8. Re1
Re8 9. Nbd2 Bf8 10. Nf1 h6 11. Ng3 b5 12. Bb3 Na5 13. Bc2 c5 14. d4 Qc7 15. h3
Bd7 16. d5 c4 17. b4 cxb3 18. axb3 Nb7 19. Bd2 Nc5 20. Ra3 a5 21. Qe2 Ra6 22.
Rc1 Qb7 23. Be3 Qc7 24. Bb1 Rea8 25. b4 Na4 26. Bd3 Qb7 27. Rb3 Rc8 28. c4 axb4
29. Rxb4 Nc5 30. Bxc5 Rxc5 31. Rcb1 Ra3 32. Nd2 Be7 33. cxb5 Ra2 34. Bc4 Ra3
35. b6 Rca5 36. Bb5 Bxb5 37. Rxb5 g6 38. Qc4 Rxb5 39. Qxb5 Rc3 40. Nc4 Qd7 41.
b7 Rc1+ 42. Kh2 1-0

[Event "Politiken Cup 2015"]
[Site "Helsingor DEN"]
[Date "2015.07.28"]
[Round "5"]
[White "Fressinet, Laurent"]
[Black "Royset, Pal"]
[Result "1-0"]
[WhiteElo "2707"]
[BlackElo "2236"]
[PlyCount "63"]
[EventDate "2015.07.25"]

1. d4 Nf6 2. Nf3 e6 3. c4 d5 4. Nc3 Be7 5. Bf4 O-O 6. e3 c5 7. dxc5 Bxc5 8. Qc2
dxc4 9. Bxc4 Nc6 10. O-O h6 11. Rfd1 Bd7 12. a3 a6 13. Ba2 Rc8 14. Rac1 Ba7 15.
Bb1 Bb8 16. Bxb8 Nxb8 17. e4 g6 18. Qd2 Kg7 19. e5 Ng8 20. h4 h5 21. Ne4 Qe7
22. Rxc8 Rxc8 23. Nd6 Rc7 24. Ng5 Be8 25. Qf4 Nd7 26. Be4 Nc5 27. Rc1 a5 28. b4
axb4 29. axb4 Na6 30. b5 Rxc1+ 31. Qxc1 Nb4 32. Qc7 1-0

[Event "48th Biel Grandmaster 2015"]
[Site "Biel SUI"]
[Date "2015.07.28"]
[Round "8"]
[White "Eljanov, P."]
[Black "Wojtaszek, R."]
[Result "1/2-1/2"]
[WhiteElo "2723"]
[BlackElo "2733"]
[PlyCount "202"]
[EventDate "2015.07.20"]

1. d4 Nf6 2. c4 e6 3. Nf3 d5 4. Nc3 Bb4 5. Bg5 h6 6. Bxf6 Qxf6 7. Qa4+ Nc6 8.
e3 O-O 9. Be2 Bd7 10. Qb3 dxc4 11. Qxc4 Qe7 12. a3 Bd6 13. Nd2 Nb8 14. Bf3 Bc6
15. Bxc6 Nxc6 16. O-O Qd7 17. Qb3 Rab8 18. Rac1 Ne7 19. Nce4 c6 20. Nxd6 Qxd6
21. Qa4 a6 22. Nc4 Qc7 23. b4 Nd5 24. Qb3 Nb6 25. Na5 Rfd8 26. Rfd1 Qe7 27. Qc2
Rd5 28. e4 Rd7 29. Qc5 Na4 30. Qxe7 Rxe7 31. f3 Rd7 32. Kf2 Rbd8 33. Ke3 h5 34.
Rc2 f6 35. Rdd2 Kf7 36. h4 Nb6 37. Nb3 Re7 38. Rc1 Ra8 39. Rc5 Rh8 40. Rc3 Ra8
41. Nc5 Nc8 42. Nb3 Nb6 43. Rdd3 Na4 44. Rc1 Nb6 45. Rc5 Rh8 46. Rd1 Na4 47.
Rc2 Nb6 48. Nc5 Ra8 49. a4 Nc8 50. Nb3 Nb6 51. a5 Nc8 52. Rc5 g6 53. g4 hxg4
54. fxg4 Nd6 55. e5 fxe5 56. dxe5 Nb5 57. Kf4 Kg7 58. Kg5 Rf8 59. Rcc1 Rf3 60.
Nd2 Re3 61. Nc4 Rb3 62. Rb1 Rc3 63. Nd6 c5 64. Rf1 Nd4 65. bxc5 Rxc5 66. Rbe1
Nc6 67. h5 gxh5 68. gxh5 Nxe5 69. h6+ Kh7 70. Kf6 Nc6 71. Rc1 Rxa5 72. Rg1 Rh5
73. Rxc6 Rd7 74. Rc8 Rxh6+ 75. Ke5 Rg7 76. Rxg7+ Kxg7 77. Rc7+ Kg6 78. Rxb7 Rh1
79. Re7 Re1+ 80. Ne4 a5 81. Rxe6+ Kf7 82. Ra6 a4 83. Rxa4 Ke7 84. Ra7+ Ke8 85.
Kd5 Kf8 86. Rb7 Ke8 87. Nd6+ Kf8 88. Nf5 Re2 89. Kd6 Re1 90. Ng7 Rd1+ 91. Ke6
Re1+ 92. Kf6 Rf1+ 93. Nf5 Ke8 94. Ra7 Kd8 95. Ke6 Re1+ 96. Kd5 Rd1+ 97. Nd4 Ke8
98. Rh7 Kf8 99. Ke5 Re1+ 100. Kf6 Rf1+ 101. Nf5 Ke8 1/2-1/2

[Event "48th Biel Grandmaster 2015"]
[Site "Biel SUI"]
[Date "2015.07.28"]
[Round "8"]
[White "Rapport, R."]
[Black "Navara, D."]
[Result "0-1"]
[WhiteElo "2671"]
[BlackElo "2724"]
[PlyCount "80"]
[EventDate "2015.07.20"]

1. Nf3 d5 2. d4 Nf6 3. c4 c6 4. Nc3 e6 5. e3 Nbd7 6. Bd3 dxc4 7. Bxc4 b5 8. Bd3
Bd6 9. O-O O-O 10. Ne2 a6 11. a4 Bb7 12. axb5 cxb5 13. Ng3 e5 14. Bb1 Re8 15.
Ba2 h6 16. Bd2 Bc7 17. Nh4 Nf8 18. Nhf5 Ne6 19. dxe5 Bxe5 20. f4 Bxb2 21. Rb1
Ba3 22. Bc3 Qxd1 23. Rbxd1 Ne4 24. Bxg7 Nxg3 25. hxg3 Be4 26. Bb2 Bxb2 27. Nd6
Bc6 28. f5 Ng5 29. Nxe8 Bxe8 30. Rd6 Kh7 31. f6 Be5 32. Rd5 Bxg3 33. Rfd1 Kg6
34. Rf1 Kh7 35. Rfd1 Bc7 36. Bb1+ Kg8 37. Kf2 Nh7 38. Rc5 Bb6 39. Rcd5 Nxf6 40.
Rd6 Ng4+ 0-1

[Event "48th Biel Grandmaster 2015"]
[Site "Biel SUI"]
[Date "2015.07.28"]
[Round "8"]
[White "Vachier Lagrave, M."]
[Black "Adams, Mi"]
[Result "1-0"]
[WhiteElo "2731"]
[BlackElo "2740"]
[PlyCount "83"]
[EventDate "2015.07.20"]

1. e4 e5 2. Nf3 Nc6 3. Bb5 a6 4. Ba4 Nf6 5. O-O Be7 6. Re1 b5 7. Bb3 O-O 8. c3
d5 9. exd5 Nxd5 10. Nxe5 Nxe5 11. Rxe5 c6 12. d3 Bd6 13. Re1 Bf5 14. Qf3 Qh4
15. g3 Qh3 16. Be3 Bxd3 17. Nd2 Qf5 18. Bd4 Rae8 19. Kg2 h6 20. a4 Qxf3+ 21.
Kxf3 Re6 22. axb5 axb5 23. Kg2 Rfe8 24. Rxe6 Rxe6 25. c4 bxc4 26. Nxc4 Be4+ 27.
f3 Bd3 28. Nxd6 Rxd6 29. Kf2 Rd7 30. Ra3 Nc7 31. Be3 Nd5 32. Bc5 f6 33. Ba4 Bb5
34. Bc2 Nc7 35. Bg6 Na6 36. Re3 Rd8 37. Be7 Rc8 38. b4 c5 39. Bf5 Rc6 40. Bd7
cxb4 41. Bxc6 Bxc6 42. Re6 1-0

[Event "48th Biel Grandmaster 2015"]
[Site "Biel SUI"]
[Date "2015.07.29"]
[Round "9"]
[White "Navara, David"]
[Black "Vachier-Lagrave, Maxime"]
[Result "0-1"]
[WhiteElo "2724"]
[BlackElo "2731"]
[PlyCount "68"]
[EventDate "2015.07.20"]

1. Nf3 c5 2. c4 Nc6 3. Nc3 e5 4. g3 g6 5. Bg2 Bg7 6. O-O Nge7 7. Ne1 a6 8. d3
Rb8 9. a4 d6 10. Nc2 O-O 11. Rb1 a5 12. Bg5 f6 13. Bd2 f5 14. f4 Be6 15. Nd5
Nb4 16. fxe5 Nbxd5 17. cxd5 Nxd5 18. exd6 Qxd6 19. Bxa5 f4 20. Qe1 Be5 21. e4
fxe3 22. Bc3 Rxf1+ 23. Bxf1 Re8 24. Na3 Nxc3 25. bxc3 Bd5 26. Nc4 Bxc4 27. dxc4
Qd2 28. Qe2 Rf8 29. Rxb7 Bxc3 30. Rb1 Qxe2 31. Bxe2 Rf2 32. Bd3 Rd2 33. Be4 e2
34. Kf2 Ra2 0-1

[Event "48th Biel Grandmaster 2015"]
[Site "Biel SUI"]
[Date "2015.07.29"]
[Round "9"]
[White "Adams, Michael"]
[Black "Wojtaszek, Radoslaw"]
[Result "1/2-1/2"]
[WhiteElo "2740"]
[BlackElo "2733"]
[PlyCount "81"]
[EventDate "2015.07.20"]

1. e4 c5 2. c3 Nf6 3. e5 Nd5 4. Nf3 Nc6 5. Bc4 Nb6 6. Bb3 c4 7. Bc2 d5 8. exd6
e5 9. O-O Bxd6 10. d3 cxd3 11. Qxd3 Be6 12. Bb3 Qe7 13. Re1 Bxb3 14. axb3 O-O
15. Na3 f5 16. Nc4 Nxc4 17. Qxc4+ Kh8 18. Bg5 Qf7 19. Qxf7 Rxf7 20. b4 e4 21.
b5 exf3 22. bxc6 bxc6 23. Ra6 h6 24. Rxc6 hxg5 25. Rxd6 Rb8 26. b4 Rc7 27. Rd3
fxg2 28. Re5 Rbc8 29. Rxf5 Rxc3 30. Rdd5 g4 31. Kxg2 Rf3 32. Rxf3 gxf3+ 33.
Kxf3 Rb8 34. b5 Rb6 35. h4 a6 36. bxa6 Rxa6 37. Kg4 Kh7 38. f4 Ra1 39. Rd6 Rg1+
40. Kf3 Rh1 41. Kg3 1/2-1/2

[Event "48th Biel Grandmaster 2015"]
[Site "Biel SUI"]
[Date "2015.07.29"]
[Round "9"]
[White "Rapport, Richard"]
[Black "Eljanov, Pavel"]
[Result "0-1"]
[WhiteElo "2671"]
[BlackElo "2723"]
[PlyCount "56"]
[EventDate "2015.07.20"]

1. d4 Nf6 2. c4 e6 3. Nf3 d5 4. Nc3 c6 5. e3 Nbd7 6. Qc2 Bd6 7. g4 Nxg4 8. Rg1
Nxh2 9. Nxh2 Bxh2 10. Rxg7 Nf8 11. Rg2 Bd6 12. e4 Ng6 13. Bg5 Be7 14. Be3 dxe4
15. O-O-O f5 16. d5 Qa5 17. Kb1 Bd7 18. d6 Bf6 19. Bd2 Qe5 20. Nb5 Kf7 21. Bc3
Qf4 22. Nc7 Rag8 23. c5 Bxc3 24. Qxc3 Ne5 25. Rxg8 Rxg8 26. Be2 Qxf2 27. Qxe5
Qxe2 28. Rh1 Qd3+ 0-1

[Event "Politiken Cup 2015"]
[Site "Helsingor DEN"]
[Date "2015.07.29"]
[Round "6"]
[White "Fressinet, Laurent"]
[Black "Schandorff, Lars"]
[Result "1-0"]
[WhiteElo "2707"]
[BlackElo "2520"]
[PlyCount "105"]
[EventDate "2015.07.25"]

1. d4 Nf6 2. Nf3 d5 3. c4 e6 4. Bg5 Nbd7 5. e3 Be7 6. Nc3 h6 7. Bf4 O-O 8. Be2
dxc4 9. O-O c5 10. dxc5 Nxc5 11. Bxc4 a6 12. Ne5 Qxd1 13. Rfxd1 Rd8 14. Rxd8+
Bxd8 15. Rd1 Be7 16. Be2 Nd5 17. Bf3 Nxf4 18. exf4 a5 19. Nb5 Kf8 20. g3 g6 21.
b3 h5 22. h4 Rb8 23. Rd4 Ke8 24. Be2 Na6 25. Rd2 Bc5 26. Bf3 Ke7 27. a3 Ke8 28.
Kg2 Be7 29. Nc4 Bd7 30. Nbd6+ Bxd6 31. Nxd6+ Ke7 32. Nxf7 Nc5 33. Ne5 Be8 34.
b4 axb4 35. axb4 Nd7 36. Nc4 Nf6 37. Ne5 Nd7 38. Nd3 Nf6 39. Rc2 Kd6 40. Ne5
Nd7 41. Nc4+ Kc7 42. Na5+ Kb6 43. Re2 Nf8 44. Re5 Ka6 45. Nc4 Bb5 46. Nd6 Bd3
47. Re3 Bb5 48. Rc3 Bd7 49. Rc5 b5 50. Nf7 Kb6 51. Ne5 Be8 52. Be4 Rd8 53. Kf3
1-0

[Event "48th Biel Grandmaster 2015"]
[Site "Biel SUI"]
[Date "2015.07.30"]
[Round "10"]
[White "Vachier Lagrave, M."]
[Black "Rapport, R."]
[Result "1-0"]
[WhiteElo "2731"]
[BlackElo "2671"]
[PlyCount "95"]
[EventDate "2015.07.20"]

1. e4 e5 2. Nf3 d6 3. d4 exd4 4. Nxd4 Nf6 5. Nc3 Be7 6. g3 O-O 7. Bg2 Re8 8.
O-O Bf8 9. Bf4 Nbd7 10. Qd2 Ne5 11. Rad1 c6 12. h3 b5 13. b3 b4 14. Na4 c5 15.
Nb5 d5 16. exd5 Bxh3 17. Bxe5 Rxe5 18. Bxh3 a6 19. Nbc3 bxc3 20. Nxc3 Bd6 21.
Rfe1 Rxe1+ 22. Rxe1 Qc7 23. Ne4 Nxe4 24. Rxe4 Qb6 25. Qe3 g6 26. Bd7 Rd8 27.
Be8 Qc7 28. Kg2 Rb8 29. Rh4 h5 30. Re4 Rb4 31. c4 Rb8 32. Qf3 Bf8 33. Qf6 a5
34. d6 Qb7 35. f3 Bg7 36. Qe7 Qxe7 37. Rxe7 Bf8 38. Bxf7+ Kg7 39. Ra7 Bxd6 40.
Bd5+ Kf6 41. Rxa5 Rb6 42. f4 g5 43. Kf3 h4 44. fxg5+ Kxg5 45. gxh4+ Kxh4 46.
Ke4 Kg5 47. Rb5 Rb8 48. Rxb8 1-0